Economic development

保存先:
書誌詳細
第一著者: TODARO, Michael P. Smith, Stephen C
フォーマット: 図書
言語:英語
出版事項: Pearson Education 2015
タグ: タグ追加
タグなし, このレコードへの初めてのタグを付けませんか!

MARC

LEADER 00000nam a22000007a 4500
008 201216b ||||| |||| 00| 0 eng d
020 |a 978-1-292-00297-2 
100 |a TODARO, Michael P.  |a Smith, Stephen C 
245 |a Economic development  |c Michael P. Todaro [and] Stephen C. Smith  |g xxvii, 860p 
250 |b 12th  
260 |b Pearson Education  |c 2015  |h Harlow, England  |i 690912  |l HD82 .T56  |m Economic development  |m Developing countries –Economic policy 
500 |a “It includes index”. 
942 |a lcc  |c BK  |e O.A.JOHNSON  |f 16/12/20 
952 |0 0  |1 0  |2 lcc  |4 0  |7 0  |9 593  |a HOL  |b HOL  |c GJ  |d 2020-12-16  |l 0  |r 2020-12-16 00:00:00  |w 2020-12-16  |y BK 
999 |c 331  |d 331